000 00533cam a22001934a 4500
001 sa 65001368
003 DLC
005 20260227112109.0
008 820504s1961 pk a 000 0 urdo
010 _asa 65001368
040 _aDLC
_cDLC
_dDLC
050 0 0 _aPK2200.S43191655
_bD8 1961
100 0 _aShakīl Badāyūnī,
_d1916-1970.
245 1 0 _aDūr koʼī gāʼe /
_cShakīl Badāyūnī.
260 _aLāhaur :
_bNiyāzī Pablisharz,
_c[1961?]
300 _a128 p. :
_bill. ;
_c19 cm.
500 _aPoems.
546 _aIn Urdu.
999 _c62030
_d62030